Spider-Man Suits - Statistics

General Stats
  • This quiz has been taken 3 times
  • The average score is 9 of 47
Answer Stats
Answer % Correct
Advanced Suit
100%
Stealth Suit
100%
Amazing Suit
50%
Bombastic Bag-Man Suit
50%
Classic Suit
50%
Damaged Classic Suit
50%
Future Foundation Suit
50%
Homemade Suit
50%
Into the Spider-Verse Suit
50%
Iron Spider Suit
50%
Noir Suit
50%
Spirit Spider Suit
50%
Stark Suit
50%
Upgraded Suit
50%
Webbed Suit
50%
Wrestler Suit
50%
Aaron Aikman Armor
0%
Anti-Ock Suit
0%
Arachnid Rider Suit
0%
Armored Advanced Suit
0%
Black and Gold Suit
0%
Cyborg Spider-Man Suit
0%
Dark Suit
0%
Electrically Insulated Suit
0%
ESU Suit
0%
Fear Itself Suit
0%
Hybrid Suit
0%
Iron Spider Armor
0%
Last Stand Suit
0%
Negative Suit
0%
Resilient Suit
0%
Scarlet Spider II Suit
0%
Scarlet Spider Suit
0%
Secret War Suit
0%
Spider Armor Mk III Suit
0%
Spider Armor Mk II Suit
0%
Spider Armor Mk I Suit
0%
Spider Armor Mk IV Suit
0%
Spider-Clan Suit
0%
Spider-Man 2099 Black Suit
0%
Spider-Man 2099 White Suit
0%
Spider-Punk Suit
0%
Spider-UK Suit
0%
Stealth "Big Time" Suit
0%
Undies
0%
Velocity Suit
0%
Vintage Comic Book Suit
0%
No matching quizzes found
Score Distribution
Percent of People with Each Score
Percentile by Number Answered
Your Score History
You have not taken this quiz